000 00465nam a22001577a 4500
005 20251108165149.0
008 250721s1993 xx 000 0 ara d
082 1 4 _a818/غرا
100 1 _aغرايبة، هاشم
245 1 0 _aالحياة عبر ثقوب الخزان :
_bعن الفرح و الناس /
264 1 _aعمان :
_bدار الكندي،
_c1993.
300 _a159ص.
650 1 7 _aالأدب العربي
942 _2ddc
_cBK
999 _c21052
_d21052